000 00379nam a2200169Ia 4500
008 210210b1938 xxu||||| |||| 00| 0 eng d
041 _aeng
082 _a829/987
100 _aSHEEAN (Vincent)
245 _aDay of battle
260 _aNew York
_bNot Mentioned
_c1938
650 _aof
650 _aDay
650 _abattle
690 _aEnglish Fiction
906 _a017602
999 _c137586
_d137586